|
|
|
|
| LEADER |
00000nam0a2200000 4500 |
| 001 |
119718 |
| 005 |
20231031124716.0 |
| 020 |
|
|
|a RU
|b 89-11522
|
| 035 |
|
|
|a (RuTPU)RU\TPU\book\129615
|
| 090 |
|
|
|a 119718
|
| 100 |
|
|
|a 20070730d1989 km y0rusy5003 ca
|
| 101 |
0 |
|
|a rus
|
| 102 |
|
|
|a RU
|
| 105 |
|
|
|a ac z 001zb
|
| 200 |
1 |
|
|a Софья Ковалевская
|f А. Я. Халамайзер
|
| 210 |
|
|
|a Москва
|c [Б. и.]
|d 1989
|
| 215 |
|
|
|a 112 с.
|c ил.
|
| 320 |
|
|
|a Библиогр.: с. 109 (7 назв.).
|
| 600 |
|
1 |
|a Ковалевская
|g Софья Васильевна
|c математик
|c член-корреспондент Петербургской АН
|f 1850-1891
|b С. В.
|2 stltpush
|3 (RuTPU)RU\TPU\pers\857
|
| 610 |
1 |
|
|a математическая наука
|
| 610 |
1 |
|
|a Россия
|
| 610 |
1 |
|
|a история
|
| 610 |
1 |
|
|a 19 век
|
| 610 |
1 |
|
|a ученые-математики
|
| 610 |
1 |
|
|a персоналии
|
| 675 |
|
|
|a 51(092)
|z rus
|
| 700 |
|
1 |
|a Халамайзер
|b А. Я.
|g Александр Яковлевич
|4 070
|
| 801 |
|
0 |
|a RU
|b RuMRKP
|c 19950417
|g psbo
|
| 801 |
|
1 |
|a RU
|b 63413507
|c 20070730
|g PSBO
|
| 801 |
|
2 |
|a RU
|b 63413507
|c 20080922
|g PSBO
|
| 942 |
|
|
|c BK
|